Модель беспилотного автомобиля; Современные техника и технологии; Т. 2
| Parent link: | Современные техника и технологии: сборник трудов XXI международной научной конференции студентов, аспирантов и молодых ученых, Томск, 5-9 октября 2015 г./ Национальный исследовательский Томский политехнический университет (ТПУ).— , 2015 Т. 2.— 2015.— [С. 79-81] |
|---|---|
| Автор: | |
| Співавтор: | |
| Інші автори: | , , |
| Резюме: | Заглавие с титульного экрана |
| Мова: | Російська |
| Опубліковано: |
2015
|
| Серія: | Автоматическое управление и системная инженерия |
| Предмети: | |
| Онлайн доступ: | http://earchive.tpu.ru/handle/11683/22038 http://www.lib.tpu.ru/fulltext/c/2015/C01/V2/023.pdf |
| Формат: | Електронний ресурс Частина з книги |
| KOHA link: | https://koha.lib.tpu.ru/cgi-bin/koha/opac-detail.pl?biblionumber=615218 |
MARC
| LEADER | 00000naa2a2200000 4500 | ||
|---|---|---|---|
| 001 | 615218 | ||
| 005 | 20231101132840.0 | ||
| 035 | |a (RuTPU)RU\TPU\conf\13417 | ||
| 035 | |a RU\TPU\conf\13415 | ||
| 090 | |a 615218 | ||
| 100 | |a 20151030d2015 k y0rusy50 ca | ||
| 101 | 0 | |a rus | |
| 102 | |a RU | ||
| 105 | |a y z 101zy | ||
| 135 | |a drcn ---uucaa | ||
| 181 | 0 | |a i | |
| 182 | 0 | |a b | |
| 200 | 1 | |a Модель беспилотного автомобиля |d Model of the autonomous car |f А. Б. Тепляков, И. С. Григоришин |g науч. рук. Т. В. Александрова, Е. Е. Шеломенцев | |
| 203 | |a Текст |c электронный | ||
| 225 | 1 | |a Автоматическое управление и системная инженерия | |
| 230 | |a 1 компьютерный файл (pdf; 486 Kb) | ||
| 300 | |a Заглавие с титульного экрана | ||
| 320 | |a [Библиогр.: с. 81 (2 назв.)] | ||
| 337 | |a Adobe Reader | ||
| 461 | 1 | |0 (RuTPU)RU\TPU\conf\13102 |t Современные техника и технологии |o сборник трудов XXI международной научной конференции студентов, аспирантов и молодых ученых, Томск, 5-9 октября 2015 г. |o в 2 т. |f Национальный исследовательский Томский политехнический университет (ТПУ) |d 2015 | |
| 463 | 0 | |0 (RuTPU)RU\TPU\conf\13105 |t Т. 2 |f под ред. А. М. Малышенко [и др.] |v [С. 79-81] |d 2015 | |
| 510 | 1 | |a Model of the autonomous car |z eng | |
| 610 | 1 | |a труды учёных ТПУ | |
| 610 | 1 | |a электронный ресурс | |
| 610 | 1 | |a беспилотные автомобили | |
| 610 | 1 | |a роботы | |
| 610 | 1 | |a контроллеры | |
| 700 | 1 | |a Тепляков |b А. Б. | |
| 701 | 1 | |a Григоришин |b И. С. | |
| 702 | 1 | |a Александрова |b Т. В. |c специалист в области автоматического управления |c ассистент Томского политехнического университета |f 1976- |g Татьяна Викторовна |2 stltpush |4 727 | |
| 702 | 1 | |a Шеломенцев |b Е. Е. |c специалист в области информатики и вычислительной техники |c ассистент кафедры Томского политехнического университета |f 1993- |g Егор Евгеньевич |2 stltpush |4 727 | |
| 712 | 0 | 2 | |a Национальный исследовательский Томский политехнический университет (ТПУ) |b Институт кибернетики (ИК) |b Кафедра интегрированных компьютерных систем управления (ИКСУ) |h 131 |2 stltpush |3 (RuTPU)RU\TPU\col\18701 |
| 801 | 2 | |a RU |b 63413507 |c 20210120 |g RCR | |
| 856 | 4 | |u http://earchive.tpu.ru/handle/11683/22038 | |
| 856 | 4 | |u http://www.lib.tpu.ru/fulltext/c/2015/C01/V2/023.pdf | |
| 942 | |c BK | ||